000 00541nam a22001817a 4500
003 UA-OsUOA
001 9718
007 ta
008 20041130b un ||||| |||| 00| 0 ukr d
100 _aОрлюк О.
942 _cSA
040 _aUA-OsUOA
_cUA-OsUOA
_dUA-OsUOA
245 _aПравові аспекти функціонування системи страхування вкладів
300 _aС.29-32
955 _a0
773 0 _w0
_tПраво України
_dКиїв
_d2004
_gN11
650 7 _aЦивільне право
_2UDC
999 _c295879
_d295879